| 000 | 01029cam a2200241 4500 | ||
|---|---|---|---|
| 001 | ABS64245 | ||
| 008 | 010806n2001 000 0 eng u | ||
| 035 | _a(Sirsi) u113962 | ||
| 245 | _aItaly | ||
| 260 | _c2001 | ||
| 490 |
_aEuroProperty _vJuly 2001, 39-46(6) |
||
| 520 | _aFeature looking at the potential for investment in the Italian property market including how American and German companies are leading the pack in identifying investment opportunities, the continued demand for prime office space in Italian cities, and the performance of the Italian listed and retail sectors. Tables, diagrams. | ||
| 590 | _aABS | ||
| 650 | _aITALY | ||
| 650 | _aLISTED COMPANIES | ||
| 650 | _aPROPERTY-COMMERCIAL PROPERTY-OFFICE PROPERTY-OFFICE PROPERTY MARKET | ||
| 650 | _aPRIME OFFICES | ||
| 650 | _aPROPERTY INVESTMENT | ||
| 650 | _aPROPERTY MARKET | ||
| 650 | _aPROPERTY-COMMERCIAL PROPERTY-RETAIL PROPERTY-RETAIL PROPERTY MARKET | ||
| 690 | _aPROPERTY-COMMERCIAL PROPERTY-COMMERCIAL PROPERTY MARKET | ||
| 942 | _n0 | ||
| 999 |
_c67913 _d67913 |
||